[Event "AUTO-INT-3826"]
[Site "http://www.queenalice.com/game.php?id=1815968"]
[Date "2023.7.10"]
[Round "1"]
[White "HOOPS"]
[Black "SGF"]
[Result "0-1"]
[WhiteElo "1713"]
[BlackElo "1656"]

1. e4 e5 2. Nf3 Qf6 3. c3 d6 4. Bc4 Be7 5. d4 Qg6 6. Nbd2 Nf6 7. Nh4 Qg4 8. Ndf3
Nxe4 9. h3 Qd7 10. g4 Bxh4 11. Nxh4 O-O 12. Qe2 d5 13. Bb5 c6 14. Bd3 exd4 15.
f3 Ng3 16. Bxh7+ Kh8 17. Qd3 Qe7+ 18. Kd1 Nxh1 19. Kc2 Nf2 20. Qxd4 Qxh4 21. Qb4
Qxh7+ 22. Kb3 Nd7 23. Be3 Nd3 24. Qd4 N3c5+ 25. Ka3 a5 26. b3 a4 27. b4 Ne6 28.
Qd2 Qxh3 29. Qf2 b5 30. Qg1 Qxf3 31. Qh2+ Kg8 32. Rg1 Qxe3 33. Kb2 a3+ 34. Kc2
Nf4 35. Kb3 c5 36. Rh1 c4+ 37. Kc2 Qd3+ 38. Kc1 Qxc3+ 39. Kd1 Qa1+ 40. Kd2 Qxa2+
41. Ke3 Qxh2 42. Rxh2 g5 43. Kd4 a2 44. Rxa2 Rxa2 45. Kc3 Ne2# 0-1

[Event "AUTO-INT-3826"]
[Site "http://www.queenalice.com/game.php?id=1815981"]
[Date "2023.7.10"]
[Round "1"]
[White "Givanildo"]
[Black "HOOPS"]
[Result "1-0"]
[WhiteElo "1554"]
[BlackElo "1696"]

1. d4 c6 2. d5 Nf6 3. dxc6 Nxc6 4. a3 d5 5. Bf4 e5 6. Bg5 Be7 7. e3 Qa5+ 8. c3
Ne4 9. Bxe7 Nxe7 10. b4 Qd8 11. Bd3 Nf6 12. Ne2 O-O 13. O-O Bg4 14. f3 Be6 15.
e4 Qb6+ 16. Kh1 d4 17. c4 a6 18. c5 Qc6 19. Nd2 b5 20. cxb6 Qxb6 21. Nc4 Qc7 22.
Rc1 Qb8 23. Ng3 Rc8 24. Nf5 Nxf5 25. exf5 Bd5 26. Re1 Re8 27. Re2 e4 28. fxe4
Nxe4 29. Bxe4 Bxe4 30. f6 g6 31. Qxd4 Bb7 32. Rxe8+ Qxe8 33. Nd6 Bxg2+ 34. Kxg2
Qe2+ 35. Kg3 h5 36. Qd5 Qe3+ 37. Kg2 Qe2+ 38. Kh1 Rf8 39. Rg1 h4 40. Rxg6+ Kh7
41. Rg7+ Kh6 42. Nf5+ Kh5 43. Ng3+ Kh6 44. Nxe2 h3 45. Qg5# 1-0

[Event "AUTO-INT-3826"]
[Site "http://www.queenalice.com/game.php?id=1815982"]
[Date "2023.7.10"]
[Round "1"]
[White "HOOPS"]
[Black "Givanildo"]
[Result "1-0"]
[WhiteElo "1674"]
[BlackElo "1558"]

1. e4 d5 2. c3 dxe4 3. Qa4+ c6 4. Qxe4 Nd7 5. Nf3 h6 6. Bd3 Ngf6 7. Qe3 e6 8.
O-O Bd6 9. Re1 Nd5 10. Qd4 N7f6 11. c4 Nb4 12. Na3 Ng4 13. Qxg4 Nxd3 14. Qxg7
Rf8 15. Re3 Nxc1 16. Rxc1 Be7 17. Qxh6 Bd7 18. c5 b6 19. b4 b5 20. Ne5 Bg5 21.
Qh5 Bxe3 22. dxe3 a5 23. Rd1 Ra7 24. Nc2 axb4 25. Nxb4 Qe7 26. Nexc6 Bxc6 27.
Nxc6 Qc7 28. Nxa7 Qxa7 29. Qh4 Qc7 30. a3 f6 31. Qb4 e5 32. Qxb5+ Ke7 33. c6 Ke6
34. Qd5+ Kf5 35. e4+ Kg5 36. Qe6 Qh7 37. f3 f5 38. Qxe5 Qa7+ 39. Kh1 Rf6 40. Rc1
Qe3 41. Qg3+ Kh6 42. Qh4+ Kg7 43. Re1 Qxa3 44. c7 Qc3 45. e5 Rg6 46. Qe7+ Kh6
47. Rd1 Rg7 48. Rd6+ Kh7 49. Qh4+ Kg8 50. Rd8+ Kf7 51. e6+ Kxe6 52. c8=Q+ Qxc8
53. Rxc8 Rd7 54. Qc4+ Rd5 55. h4 Ke5 56. f4+ Ke6 57. h5 Kd6 58. Rd8+ Ke7 59.
Qxd5 Kf6 60. h6 Kg6 61. Rh8 Kf6 62. Kh2 Kg6 63. Kh3 Kf6 64. h7 Kg6 65. Kh4 Kf6
66. Rg8 Ke7 67. Qd8+ Kf7 68. h8=Q Ke6 69. Qhf6# 1-0

[Event "AUTO-INT-3826"]
[Site "http://www.queenalice.com/game.php?id=1815991"]
[Date "2023.7.10"]
[Round "1"]
[White "HOOPS"]
[Black "altair"]
[Result "1-0"]
[WhiteElo "1675"]
[BlackElo "1715"]

1. e4 e5 2. Nf3 d6 3. c3 a6 4. Bc4 h6 5. a4 Nf6 6. d3 Be7 7. O-O O-O 8. Re1 c6
9. d4 b5 10. axb5 cxb5 11. Bb3 Bb7 12. d5 Nbd7 13. c4 Nc5 14. Bc2 bxc4 15. Ra4
Nxa4 16. Bxa4 Nh7 17. Nbd2 Rc8 18. b3 c3 19. Nc4 f5 20. Qd3 fxe4 21. Qxe4 Nf6
22. Qg6 Bxd5 23. Bxh6 Rf7 24. Ng5 Be4 25. Qxf7+ 1-0

[Event "AUTO-INT-3826"]
[Site "http://www.queenalice.com/game.php?id=1815992"]
[Date "2023.7.10"]
[Round "1"]
[White "altair"]
[Black "HOOPS"]
[Result "1/2-1/2"]
[WhiteElo "1720"]
[BlackElo "1695"]

1. e4 c6 2. d4 d5 3. e5 c5 4. c3 Nc6 5. a3 Qa5 6. Bd2 Qb6 7. Be3 Qxb2 8. Nd2
Qxc3 9. Nf3 Bg4 10. Be2 e6 11. h3 Bf5 12. O-O c4 13. Qa4 Bc2 14. Qb5 Rb8 15.
Rfc1 Ne7 16. Bd1 Qa5 17. Qxa5 Nxa5 18. Rxc2 b5 19. Rb1 a6 20. a4 b4 21. Nf1 b3
22. Rc3 Ng6 23. Ng5 Bb4 24. Rcc1 Nh4 25. Bd2 Nf5 26. Bxb4 Rxb4 27. Nf3 Rxa4 28.
g4 Ne7 29. Ng5 Nec6 30. Nf3 O-O 31. Ra1 b2 32. Rab1 Rb4 33. Rc2 Rfb8 34. Rc3 Nb3
35. Bxb3 Rxb3 36. Rxb3 Rxb3 37. N1d2 Rd3 38. Rxb2 c3 39. Rc2 cxd2 40. Nxd2 Kf8
41. Rxc6 Rxd2 42. Rxa6 Rxd4 43. Ra8+ Ke7 44. Rh8 h6 45. Rh7 Re4 46. Rxg7 Rxe5
47. Rh7 d4 48. Rh8 Rd5 49. Rc8 d3 50. Rc1 d2 51. Rd1 f6 52. Kf1 e5 53. Ke2 Ke6
54. Rxd2 e4 55. Ke3 Ke5 56. h4 Rd3+ 57. Rxd3 exd3 58. Kxd3 Kf4 59. Kd4 Kxg4 60.
Ke4 f5+ 61. Ke3 Kxh4 62. Kf4 h5 63. Kxf5 Kh3 64. Kg5 h4 65. f4 Kg3 66. f5 h3 67.
f6 h2 68. f7 h1=Q 69. f8=Q Qh4+ 70. Kg6 Qe4+ 71. Kg7 Qe5+ 72. Kg8 Qe6+ 73. Qf7
Qc8+ 74. Qf8 Qxf8+ 75. Kxf8 Kg4 76. Ke7 Kh5 77. Kf6 1/2-1/2

[Event "AUTO-INT-3829"]
[Site "http://www.queenalice.com/game.php?id=1817024"]
[Date "2023.7.23"]
[Round "1"]
[White "SGF"]
[Black "HOOPS"]
[Result "1-0"]
[WhiteElo "1674"]
[BlackElo "1685"]

1. e4 c6 2. Qf3 d5 3. exd5 cxd5 4. d3 Nf6 5. h3 Nc6 6. c3 g6 7. g4 d4 8. Ne2 Ne5
9. Qe4 Nxe4 10. dxe4 Nd3+ 11. Kd2 Nxf2 12. Rh2 Nxe4+ 13. Kd3 Qd5 14. Nxd4 Nc5+
15. Kc2 Qe5 16. Bb5+ Bd7 17. Re2 Ne4 18. Bxd7+ Kxd7 19. Nd2 Qg3 20. Nxe4 Qxh3
21. Nc5+ Kc8 22. g5 e6 23. Ne4 e5 24. Nb5 a6 25. Nbd6+ Kc7 26. Nxf7 Qf1 27. Rf2
Qe1 28. Nxh8 Qxe4+ 29. Kb3 Bc5 30. Rf7+ Kb6 31. Rf6+ Kb5 32. a4+ Ka5 33. Nf7 Rc8
34. Bd2 Qd3 35. Nxe5 Qe2 36. Nc4+ Qxc4+ 37. Kxc4 Be3+ 38. Kd3 Bxd2 39. b4# 1-0

[Event "AUTO-INT-3829"]
[Site "http://www.queenalice.com/game.php?id=1817025"]
[Date "2023.7.23"]
[Round "1"]
[White "HOOPS"]
[Black "SGF"]
[Result "1-0"]
[WhiteElo "1685"]
[BlackElo "1715"]

1. e4 e5 2. Nf3 Qf6 3. Nc3 c6 4. Bc4 h6 5. b3 a6 6. Bb2 b5 7. Be2 d6 8. O-O Be7
9. b4 Qg6 10. d4 Bh3 11. g3 Bxf1 12. Kxf1 h5 13. dxe5 Nd7 14. exd6 Bxd6 15. a3
Ne5 16. Nh4 Qg5 17. Qxd6 Rd8 18. Qc5 Ne7 19. Nf5 Nxf5 20. Qxe5+ Kf8 21. Bc1 Ne3+
22. Bxe3 Qf6 23. Bc5+ Kg8 24. Qxf6 gxf6 25. Be7 Rd2 26. Rc1 Kg7 27. e5 fxe5 28.
Ne4 Rd4 29. Bf6+ Kh7 30. Bxh8 Kxh8 31. Nf6 h4 32. c3 Rd6 33. Ng4 hxg3 34. hxg3
f6 35. Kg2 Kg7 36. Rh1 Rd2 37. Bf3 Ra2 38. Rh6 Rxa3 39. Rxf6 Rxc3 40. Rxc6 Rxc6
41. Bxc6 Kg6 42. Nxe5+ Kf5 43. f4 Ke6 44. Bb7 a5 45. bxa5 b4 46. Nc4 Kd7 47. a6
Kc7 48. f5 b3 49. f6 Kd7 50. a7 Kc7 51. a8=Q b2 52. Qc8# 1-0

[Event "AUTO-INT-3829"]
[Site "http://www.queenalice.com/game.php?id=1817036"]
[Date "2023.7.23"]
[Round "1"]
[White "marreta7"]
[Black "HOOPS"]
[Result "0-1"]
[WhiteElo "1641"]
[BlackElo "1694"]

1. e4 c6 2. Bc4 d5 3. Bb3 Nf6 4. d3 Bg4 5. Nf3 e5 6. O-O dxe4 7. dxe4 Nxe4 8.
Qd3 Qxd3 9. cxd3 Bxf3 10. gxf3 Nc5 11. Rd1 Nbd7 12. Bc2 g6 13. f4 Rg8 14. fxe5
Nxe5 15. Re1 Be7 16. Rxe5 Rd8 17. Bg5 Ne6 18. Bxe7 Kxe7 19. Nc3 Kf6 20. Re3 Nd4
21. Ne4+ Kg7 22. Bd1 Rge8 23. b4 f5 24. Ng5 h6 25. Rxe8 Rxe8 26. Nh3 Re1+ 27.
Kg2 g5 28. f4 g4 29. Nf2 Nf3 30. Bxf3 Rxa1 31. Be2 Rxa2 32. Bf1 h5 33. Kg3 Ra4
34. h3 Rxb4 35. hxg4 fxg4 36. Ne4 a5 37. Ng5 Kf6 38. Kh4 Rxf4 39. Be2 a4 40.
Kxh5 a3 41. Bxg4 a2 42. Ne6 Rxg4 43. Kxg4 a1=Q 44. Nf4 Qd4 45. Kg3 b5 46. Nh5+
Kg5 47. Nf4 Qxf4+ 48. Kg2 b4 49. d4 b3 50. d5 cxd5 51. Kh3 b2 52. Kg2 b1=Q 53.
Kh3 Qh1# 0-1

[Event "AUTO-INT-3829"]
[Site "http://www.queenalice.com/game.php?id=1817037"]
[Date "2023.7.23"]
[Round "1"]
[White "HOOPS"]
[Black "marreta7"]
[Result "1-0"]
[WhiteElo "1669"]
[BlackElo "1657"]

1. e4 e5 2. Nf3 Nc6 3. Nc3 a6 4. Bc4 Bc5 5. O-O d6 6. a3 b5 7. Bd5 Bd7 8. d3 h6
9. b4 Ba7 10. a4 Nf6 11. axb5 axb5 12. Nxb5 Bxf2+ 13. Rxf2 Rxa1 14. Nh4 Nxd5 15.
exd5 Qxh4 16. Nxc7+ Kf8 17. Qf1 f6 18. b5 Nd4 19. b6 Kf7 20. b7 g5 21. g3 Qh5
22. Rxf6+ Kg7 23. Rxd6 Ne2+ 24. Kg2 Bh3+ 25. Kf2 Bxf1 26. Rd7+ Kf8 27. b8=Q+ Qe8
28. Qxe8# 1-0

[Event "AUTO-INT-3829"]
[Site "http://www.queenalice.com/game.php?id=1817042"]
[Date "2023.7.23"]
[Round "1"]
[White "cucalegal2"]
[Black "HOOPS"]
[Result "1-0"]
[WhiteElo "1589"]
[BlackElo "1695"]

1. e3 c6 2. Nf3 d5 3. Nd4 e5 4. Nb3 Bf5 5. h3 Nf6 6. g4 Be6 7. Bg2 Bd6 8. a3 O-O
9. d3 Re8 10. Bd2 b6 11. O-O a5 12. Qe2 a4 13. Nc1 b5 14. b4 e4 15. d4 Nfd7 16.
f4 f5 17. g5 g6 18. h4 h5 19. c3 Nb6 20. Be1 Nc4 21. Bf2 Nd7 22. Bg3 Qb6 23. Nd2
Nb2 24. Rb1 Nc4 25. Nxc4 bxc4 26. Na2 Qa6 27. Rb2 Kf7 28. Rfb1 Reb8 29. Be1 Ke7
30. Bd2 Rb5 31. Bc1 Rab8 32. Bd2 c5 33. Bc1 cxd4 34. exd4 Qb6 35. Be3 Rb7 36.
Bf1 Nb8 37. Qd2 Na6 38. Qc2 Kd7 39. Qxa4 Ra7 40. Qc2 Qc7 41. a4 Bxf4 42. Bxf4
Qxf4 43. axb5 Qg3+ 44. Bg2 f4 45. Qf2 Nb8 46. Qxg3 fxg3 47. Nc1 Ra3 48. Ne2 1-0

[Event "AUTO-INT-3829"]
[Site "http://www.queenalice.com/game.php?id=1817043"]
[Date "2023.7.23"]
[Round "1"]
[White "HOOPS"]
[Black "cucalegal2"]
[Result "1-0"]
[WhiteElo "1686"]
[BlackElo "1562"]

1. e4 e5 2. Nf3 d6 3. Nc3 c6 4. d4 exd4 5. Qxd4 f6 6. Bd3 Nd7 7. Bf4 Nc5 8. Bc4
Ne7 9. Bxd6 Qb6 10. O-O-O Nd7 11. Rhe1 c5 12. Qd3 Ng6 13. Nb5 Bxd6 14. Nxd6+ Ke7
15. Nxc8+ Raxc8 16. Qxd7+ Kf8 17. Qf7# 1-0

[Event "AUTO-INT-3831"]
[Site "http://www.queenalice.com/game.php?id=1817562"]
[Date "2023.7.30"]
[Round "1"]
[White "marreta7"]
[Black "HOOPS"]
[Result "0-1"]
[WhiteElo "1599"]
[BlackElo "1702"]

1. e4 c6 2. a3 d5 3. e5 Bf5 4. d4 h6 5. h3 e6 6. Nf3 Nd7 7. Nc3 Qa5 8. Bd2 Qb6
9. Na4 Qc7 10. Nh4 b5 11. Nxf5 bxa4 12. Ng3 Qb7 13. Qc1 Ne7 14. Bd3 g6 15. O-O
Bg7 16. c4 c5 17. dxc5 Nxc5 18. Qc3 Nxd3 19. Qxd3 Qxb2 20. cxd5 Nxd5 21. Qb5+
Qxb5 22. Rab1 Qd3 23. Rfd1 Bxe5 24. Bxh6 Qxa3 25. Bd2 Nc3 26. Bxc3 Qxc3 27. Rbc1
Qb4 28. Ne2 Rd8 29. Rxd8+ Kxd8 30. Rd1+ Ke7 31. f3 g5 32. Kf2 a3 33. Ng3 a2 34.
Ne4 Qb2+ 35. Kf1 Qb5+ 36. Ke1 a1=Q 37. Rxa1 Bxa1 38. Nf2 Rc8 39. Ne4 Rc1+ 40.
Kf2 Bd4+ 41. Kg3 Qe5+ 42. Kg4 Qf4+ 43. Kh5 Qh4# 0-1

[Event "AUTO-INT-3831"]
[Site "http://www.queenalice.com/game.php?id=1817563"]
[Date "2023.7.30"]
[Round "1"]
[White "HOOPS"]
[Black "marreta7"]
[Result "1-0"]
[WhiteElo "1689"]
[BlackElo "1612"]

1. e4 e5 2. Nf3 Nc6 3. d4 exd4 4. Nxd4 Nge7 5. Nc3 h6 6. Bc4 a6 7. Nxc6 Nxc6 8.
Qf3 Ne5 9. Qe2 Bb4 10. Bd2 d6 11. O-O-O O-O 12. Nd5 Bxd2+ 13. Rxd2 Bg4 14. f3
Nxc4 15. Qxc4 Rc8 16. fxg4 c6 17. Nb6 Qxb6 18. Rxd6 Qe3+ 19. Rd2 Rcd8 20. Qe2
Qxe2 21. Rxe2 Rd7 22. h4 Re7 23. g5 h5 24. Rhe1 Rfe8 25. a4 b5 26. axb5 cxb5 27.
b4 Rd7 28. e5 Ra7 29. g6 f5 30. exf6 Rxe2 31. f7+ Kf8 32. Rxe2 Ra8 33. Re5 Rb8
34. Rxh5 Rb6 35. Rh8+ Ke7 36. f8=Q+ Ke6 37. Qxg7 Rd6 38. Rh5 Rd7 39. Qe5# 1-0

[Event "AUTO-INT-3831"]
[Site "http://www.queenalice.com/game.php?id=1817578"]
[Date "2023.7.30"]
[Round "1"]
[White "WHUSIRO"]
[Black "HOOPS"]
[Result "1-0"]
[WhiteElo "1619"]
[BlackElo "1714"]

1. e4 c6 2. d4 d5 3. e5 Bf5 4. Bd3 Bxd3 5. Qxd3 e6 6. Nf3 g6 7. a3 Nh6 8. Bg5
Qa5+ 9. b4 Bxb4+ 10. c3 Bf8 11. Nbd2 Qb6 12. O-O Bg7 13. Rab1 Qc7 14. h3 b5 15.
Bf6 Bxf6 16. exf6 Ng8 17. Ne5 h5 18. Nb3 Na6 19. Qf3 Nh6 20. Rfe1 Nf5 21. g4 Nh4
22. Qg3 hxg4 23. hxg4 c5 24. g5 Nf5 25. Qg2 c4 26. Nd2 Qd6 27. Ndf3 Rb8 28. Ra1
Nh4 29. Nxh4 Rxh4 30. Qg3 Rh5 31. Kg2 Nc7 32. Rh1 Rxh1 33. Rxh1 Qf8 34. Rh6 Qxa3
35. Rh8+ Qf8 36. Rxf8+ Kxf8 37. Nd7+ Ke8 38. Nxb8 Kd8 39. Nc6+ Kc8 40. Qd6 Kb7
41. Nxa7 Na6 42. Nxb5 e5 43. Qxe5 Kb6 44. Qxd5 Ka5 45. Nc7+ Kb6 46. Nxa6 Kxa6
47. Qc6+ Ka5 48. Qb7 Ka4 49. d5 1-0

[Event "AUTO-INT-3831"]
[Site "http://www.queenalice.com/game.php?id=1817579"]
[Date "2023.7.30"]
[Round "1"]
[White "HOOPS"]
[Black "WHUSIRO"]
[Result "0-1"]
[WhiteElo "1708"]
[BlackElo "1645"]

1. e4 c5 2. Nc3 d6 3. Bc4 Nf6 4. Nf3 Bg4 5. h3 Bh5 6. g4 Bg6 7. Ng5 h6 8. Bb5+
Nbd7 9. Nf3 e6 10. e5 Nh7 11. h4 d5 12. h5 Be4 13. Rg1 a6 14. Bxd7+ Qxd7 15. d3
Bxf3 16. Qxf3 Ng5 17. Qg3 Be7 18. Bd2 b5 19. O-O-O b4 20. Ne2 a5 21. b3 a4 22.
f4 Nh7 23. g5 O-O-O 24. g6 fxg6 25. Qxg6 Bf8 26. bxa4 Kc7 27. c3 Ra8 28. d4 Rxa4
29. Qc2 c4 30. Rg6 b3 31. axb3 Ra1+ 32. Kb2 Ra7 33. Ra1 Rb7 34. Ra3 Bxa3+ 35.
Kxa3 cxb3 36. Qxb3 Rxb3+ 37. Kxb3 Rb8+ 38. Kc2 Nf8 39. Rg1 Qe7 40. Nc1 Nd7 41.
Rf1 Nb6 42. f5 Nc4 43. f6 Qf7 44. Nd3 Nxd2 45. Kxd2 Ra8 46. Nc1 g6 47. Kc2 g5
48. Nb3 Ra2+ 49. Kb1 Rh2 50. Nc5 Rxh5 51. Nxe6+ Qxe6 52. f7 Qb6+ 53. Kc1 Qb8 54.
f8=Q Qxf8 55. Rxf8 Rh2 56. e6 Kd6 57. Rf6 Ke7 58. Rf1 Kxe6 59. Re1+ Kd6 60. Rd1
h5 61. Rg1 g4 62. Kd1 Kc6 63. Ke1 Kb5 64. Kf1 Kc4 65. Rg2 Rxg2 66. Kxg2 Kxc3 67.
Kg3 Kxd4 68. Kh4 Ke4 69. Kxh5 g3 70. Kh4 g2 71. Kg5 g1=Q+ 72. Kf6 d4 73. Ke6 d3
74. Kd6 d2 0-1

[Event "AUTO-INT-3831"]
[Site "http://www.queenalice.com/game.php?id=1817590"]
[Date "2023.7.30"]
[Round "1"]
[White "HOOPS"]
[Black "Danado"]
[Result "1-0"]
[WhiteElo "1702"]
[BlackElo "1613"]

1. e4 e5 2. Nf3 d6 3. Nc3 Nf6 4. d4 exd4 5. Qxd4 h6 6. Bc4 Nc6 7. Bb5 Bd7 8. Qe3
a6 9. Bc4 Be6 10. Nd5 Bxd5 11. exd5+ Ne7 12. O-O Qd7 13. a4 Kd8 14. Re1 Ng6 15.
b3 a5 16. Bb2 Be7 17. Rad1 Rg8 18. Nd4 Re8 19. Bb5 Nxd5 20. Bxd7 Nxe3 21. Bxe8
Nxd1 22. Bxf7 Ne5 23. Ne6+ Kd7 24. Bxe5 dxe5 25. Rxd1+ Kc6 26. Nxg7 Bf6 27. Bd5+
Kb6 28. Ne6 Rd8 29. Nxd8 Bxd8 30. g4 c6 31. Bc4 Bc7 32. h4 1-0

[Event "AUTO-INT-3831"]
[Site "http://www.queenalice.com/game.php?id=1817591"]
[Date "2023.7.30"]
[Round "1"]
[White "Danado"]
[Black "HOOPS"]
[Result "1-0"]
[WhiteElo "1565"]
[BlackElo "1714"]

1. e4 c6 2. d4 d5 3. e5 Bf5 4. Bd3 Bxd3 5. cxd3 e6 6. Nf3 Qa5+ 7. Bd2 Qb6 8. Qb3
Qc7 9. h3 Nd7 10. Bf4 Nh6 11. Bxh6 gxh6 12. Qc3 Rg8 13. Nbd2 Rxg2 14. Rg1 Rxg1+
15. Nxg1 O-O-O 16. O-O-O Qb6 17. Nb3 Bb4 18. Qc2 Rg8 19. a3 Be7 20. Nf3 h5 21.
Rg1 Rxg1+ 22. Nxg1 Bg5+ 23. Kb1 a5 24. Nc5 Be7 25. Nxd7 Kxd7 26. Kc1 Qxd4 27.
Nf3 Qf4+ 28. Nd2 Qxf2 29. Nb3 Qf1+ 30. Qd1 Bh4 31. Qxf1 f5 32. Kc2 b6 33. Qf3 a4
34. Nd2 c5 35. Qxh5 Be7 36. Qxh7 b5 37. h4 d4 38. h5 b4 39. Qg6 bxa3 40. bxa3 c4
41. Nxc4 Bf8 42. Nb6+ Kc7 43. Nxa4 Bxa3 44. Qxe6 f4 45. Qe7+ Bxe7 46. h6 f3 47.
Kd2 Bg5+ 48. Ke1 Bxh6 49. Kf2 Kd7 50. Kxf3 Ke7 51. Ke4 Be3 52. Nb2 Ke6 53. Nc4
Bf2 54. Nd2 Bg3 55. Nf3 Bf2 56. Nxd4+ Bxd4 57. Kxd4 Kf5 58. Kd5 Kf4 59. e6 Ke3
60. e7 Kxd3 61. e8=Q Kc3 62. Qe4 Kd2 63. Kc4 Kc1 64. Qe2 1-0

[Event "AUTO-INT-3824"]
[Site "http://www.queenalice.com/game.php?id=1822587"]
[Date "2023.10.7"]
[Round "2"]
[White "Piondanslevent"]
[Black "HOOPS"]
[Result "1-0"]
[WhiteElo "1575"]
[BlackElo "1717"]

1. c4 e5 2. e4 Nf6 3. d3 Bb4+ 4. Nd2 Nc6 5. a3 Bc5 6. Ngf3 d6 7. Be2 Be6 8. b4
Bb6 9. O-O a5 10. b5 Nd4 11. Bb2 O-O 12. Nxd4 exd4 13. Nf3 a4 14. Nxd4 Bxd4 15.
Qc2 Bxb2 16. Qxb2 c6 17. Bf3 Ng4 18. h3 Ne5 19. Be2 Qf6 20. d4 Nxc4 21. Bxc4
Bxc4 22. bxc6 Bxf1 23. Kxf1 bxc6 24. Rc1 Qxd4 25. Qxd4 Ra6 26. Qxd6 h6 27. Rxc6
Raa8 28. Ra6 Rad8 29. Qc6 Rd1+ 30. Ke2 Rfd8 31. Qxa4 R1d4 32. Qc6 g5 33. f3 Rd2+
34. Kf1 Rd1+ 35. Kf2 h5 36. Qh6 R8d2+ 37. Kg3 h4+ 38. Kh2 Rd8 39. Qxg5+ Kf8 40.
Qxh4 1-0

[Event "AUTO-INT-3824"]
[Site "http://www.queenalice.com/game.php?id=1822588"]
[Date "2023.10.7"]
[Round "2"]
[White "HOOPS"]
[Black "Piondanslevent"]
[Result "1-0"]
[WhiteElo "1707"]
[BlackElo "1550"]

1. e4 e5 2. Nf3 d6 3. d4 exd4 4. Nxd4 c5 5. Bb5+ Bd7 6. Bxd7+ Nxd7 7. Nf5 Qc7 8.
Bf4 Ngf6 9. Nxd6+ Bxd6 10. Bxd6 Qc6 11. f3 Nxe4 12. fxe4 Nf6 13. O-O Rd8 14. e5
Ne4 15. Qf3 Nxd6 16. exd6 Qxd6 17. Qxf7# 1-0

[Event "AUTO-INT-3824"]
[Site "http://www.queenalice.com/game.php?id=1822591"]
[Date "2023.10.7"]
[Round "2"]
[White "Capixabba789"]
[Black "HOOPS"]
[Result "1-0"]
[WhiteElo "1827"]
[BlackElo "1719"]

1. e4 c6 2. f4 d5 3. e5 e6 4. d4 c5 5. c3 g6 6. Nf3 Nh6 7. Be2 c4 8. O-O Nc6 9.
Na3 Nf5 10. Nc2 b5 11. Ne3 Nxe3 12. Bxe3 a5 13. a3 a4 14. Kh1 Na5 15. Qe1 Nb3
16. Rb1 h5 17. Ng5 h4 18. Bg4 f5 19. Bh3 Bg7 20. Bf2 Kd7 21. Nf7 Qg8 22. Nxh8
Qxh8 23. Bxh4 Bh6 24. Bf6 Bg7 25. Bxg7 Qxg7 26. Rd1 g5 27. fxg5 Qxg5 28. Qg3 Qe7
29. Rf4 Bb7 30. Rh4 Kc6 31. Rf4 Kb6 32. Qf2 Na5 33. Rf1 Rf8 34. Bxf5 exf5 35.
Rxf5 Rxf5 36. Qxf5 Bc8 37. Qxc8 1-0

[Event "AUTO-INT-3824"]
[Site "http://www.queenalice.com/game.php?id=1822592"]
[Date "2023.10.7"]
[Round "2"]
[White "HOOPS"]
[Black "Capixabba789"]
[Result "1-0"]
[WhiteElo "1697"]
[BlackElo "1849"]

1. e4 e5 2. Nf3 d6 3. Nc3 Nf6 4. Bc4 Be7 5. Ng5 Rf8 6. O-O h6 7. Nf3 Nc6 8. d4
Nxd4 9. Nxd4 exd4 10. Qxd4 c5 11. Qe3 Bd7 12. e5 dxe5 13. Qxe5 Qb6 14. Re1 Be6
15. Bb5+ Nd7 16. Qxg7 O-O-O 17. Qxh6 Kb8 18. Bf4+ Ka8 19. Bg3 Bd6 20. Qe3 Bxg3
21. Qxg3 Nf6 22. a4 Rc8 23. a5 Qd8 24. a6 1-0

[Event "AUTO-INT-3825"]
[Site "http://www.queenalice.com/game.php?id=1829296"]
[Date "2024.1.14"]
[Round "2"]
[White "ajr"]
[Black "HOOPS"]
[Result "0-1"]
[WhiteElo "1703"]
[BlackElo "1660"]

1. d4 Nf6 2. h3 e6 3. a3 d5 4. Bg5 Be7 5. e3 a6 6. Nc3 b5 7. a4 b4 8. Bxf6 Bxf6
9. Nce2 Nc6 10. b3 e5 11. Nf3 e4 12. Nd2 a5 13. Ng3 O-O 14. Be2 Bh4 15. Ndf1 Bd7
16. Bg4 Ne7 17. f3 f5 18. f4 Ng6 19. Bh5 Nxf4 20. exf4 Qe7 21. Kf2 g6 22. Be2 c5
23. Bb5 Bf6 24. Bxd7 Bxd4+ 25. Ne3 Bxa1 26. Qxa1 Qxd7 27. Rd1 d4 28. Nc4 e3+ 29.
Ke2 Qd5 30. Rg1 Rad8 31. Qd1 h5 32. Nxa5 h4 33. Nf1 Qe4 34. Qd3 Qxf4 35. Qc4+
Rf7 36. Qe6 Qf2+ 37. Kd3 Qxg1 38. Qxg6+ Kf8 39. Qh6+ Ke8 40. Qc6+ Rdd7 41. Qf3
f4 42. Nc6 Rd6 43. Ne5 Rf5 44. Ng4 Rg5 45. Qe4+ Kd7 46. Ke2 Re6 47. Qf3 Reg6 48.
a5 Kc7 49. Qxf4+ Kb7 50. Qf3+ Ka6 51. Qa8+ Kb5 52. Qe8+ Kxa5 53. Qa8+ Kb6 54.
Qb8+ Ka6 55. Qa8+ Kb6 56. Qf3 Rxg4 57. hxg4 Rxg4 58. Qxg4 Qf2+ 59. Kd3 Qxf1+ 60.
Ke4 e2 61. Qe6+ Ka5 62. Kd5 e1=Q 63. Qd7 Qxg2+ 0-1

[Event "AUTO-INT-3825"]
[Site "http://www.queenalice.com/game.php?id=1829297"]
[Date "2024.1.14"]
[Round "2"]
[White "HOOPS"]
[Black "ajr"]
[Result "0-1"]
[WhiteElo "1675"]
[BlackElo "1688"]

1. e4 c5 2. Nf3 a6 3. Nc3 d6 4. Bc4 Bg4 5. h3 Bxf3 6. Qxf3 e6 7. O-O Qf6 8. Qe2
Nc6 9. b3 Nd4 10. Qd3 b5 11. Bxb5+ axb5 12. Nxb5 Qe7 13. c3 Nxb5 14. Qxb5+ Qd7
15. Qc4 Nf6 16. a4 d5 17. exd5 Qxd5 18. Qb5+ Qd7 19. Qc4 Rb8 20. Ba3 Qd5 21.
Qxd5 Nxd5 22. Rab1 g6 23. c4 Nb4 24. Rfe1 Nc2 25. Bb2 Nxe1 26. Bxh8 Nc2 27. Be5
Rd8 28. Bc3 Nd4 29. Kf1 e5 30. a5 f5 31. b4 cxb4 32. Bxb4 Bxb4 33. Rxb4 Nc2 34.
Rb5 Rxd2 35. Rxe5+ Kf7 36. a6 Rd1+ 37. Ke2 Ra1 38. Kd2 Nb4 39. c5 Rxa6 40. f4
Nc6 41. Ke1 Nxe5 42. fxe5 Ke6 43. g4 f4 44. Kf2 Kxe5 45. Kf3 Rc6 46. h4 Rxc5 47.
h5 Rc3+ 48. Kf2 g5 49. h6 Ke4 50. Ke2 f3+ 51. Kf2 Rc2+ 52. Ke1 Rh2 0-1

[Event "AUTO-INT-3825"]
[Site "http://www.queenalice.com/game.php?id=1829304"]
[Date "2024.1.14"]
[Round "2"]
[White "HOOPS"]
[Black "Malukinha"]
[Result "0-1"]
[WhiteElo "1664"]
[BlackElo "1769"]

1. e4 e5 2. Nf3 Nc6 3. d4 exd4 4. Nxd4 Nxd4 5. Qxd4 d6 6. Nc3 Be6 7. Bf4 Qf6 8.
e5 Qd8 9. O-O-O d5 10. Be2 Ne7 11. Bf3 c6 12. h4 Nf5 13. Qd3 Qb6 14. g4 Nh6 15.
Nxd5 Bxd5 16. Bxd5 Rd8 17. Be3 Qa5 18. e6 Qxd5 19. exf7+ Nxf7 20. Rhe1 Qxd3 21.
Rxd3 Rxd3 22. cxd3 Ne5 23. Bxa7 Bd6 24. d4 Bc7 25. dxe5 O-O 26. Re2 b6 27. e6
Re8 28. f4 Bxf4+ 29. Kd1 b5 30. b4 c5 31. Bxc5 g6 32. h5 gxh5 33. gxh5 Kg7 34.
Rg2+ Kh6 35. Rg4 Bg5 36. e7 Bxe7 37. Be3+ Kxh5 38. Rg7 Bxb4 39. Rg5+ Kh4 40.
Rxb5 Rxe3 41. Rxb4+ Kg3 42. Kd2 Kf3 43. Rh4 Re7 44. Kc3 Ra7 45. Kb3 Kg3 46. Ra4
Rxa4 47. Kxa4 h5 48. Kb4 h4 49. a4 h3 50. a5 h2 51. Kb5 h1=Q 52. a6 Qa8 53. Kb6
Kf4 54. Kb5 Ke5 55. Kb6 Kd6 56. Kb5 Qa7 0-1

[Event "AUTO-INT-3825"]
[Site "http://www.queenalice.com/game.php?id=1829305"]
[Date "2024.1.14"]
[Round "2"]
[White "Malukinha"]
[Black "HOOPS"]
[Result "1-0"]
[WhiteElo "1738"]
[BlackElo "1678"]

1. e4 c6 2. Nf3 d5 3. Nc3 Be6 4. d4 Nf6 5. e5 Ne4 6. Nxe4 dxe4 7. Ng5 Qa5+ 8. c3
Bf5 9. Bc4 e6 10. Qb3 Be7 11. O-O h6 12. Qxb7 O-O 13. Qxa8 Bxg5 14. Bxg5 hxg5
15. Qb7 c5 16. Qb5 Qxb5 17. Bxb5 cxd4 18. cxd4 a6 19. Bc4 g4 20. Rad1 Rc8 21.
Bb3 Nc6 22. a3 Na5 23. Ba4 Nc4 24. Rc1 f6 25. b3 Nb6 26. Rxc8+ Nxc8 27. f3 exf3
28. gxf3 gxf3 29. Rxf3 Nb6 30. Bc6 a5 31. Kf2 Nd5 32. Bxd5 Kf7 33. Rxf5 exd5 34.
exf6 1-0